| 000 | 01390nam a2200241Ia 4500 | ||
|---|---|---|---|
| 003 | Ost | ||
| 005 | 20260507075257.0 | ||
| 008 | 260507s9999||||xx |||||||||||||| ||und|| | ||
| 020 | _a6041329957 | ||
| 040 | _cfsecg | ||
| 041 | _aara | ||
| 082 | _a330 | ||
| 100 |
_aحلوة حنان، رضوان _eمؤلف |
||
| 245 | 0 |
_aأسس المحاسبة المالية / _c رضوان حلوة حنان |
|
| 260 |
_aعمان: _bالحامد, _c2004 |
||
| 300 |
_a300 صفحة؛ _bإيضاحات ؛ _c25 سم |
||
| 520 | _aماهية المحاسبة و مكونات بناء المحاسبة و معادلة الميزانية و تحليل العمليات ، نظام تسجيل العمليات المالية و القياس الدوري للربح و تسويات نهاية الفترة في المنشآت الخدمية ، المعالجة المحاسبية لعمليات البضاعة في المنشآت التجارية ، القوائم المالية في المنشآت التجارية ، تطبيقات شاملة على عمليات البضاعة و اعداد القوائم المالية في المنشآت التجارية . | ||
| 653 | _aالمحاسبة | ||
| 653 | _aالمحاسبة- المالية | ||
| 700 |
_aأبو جاموس، فوز الدين _eمؤلف ثانوي |
||
| 700 |
_aالحارس، أسامة _eمؤلف ثانوي |
||
| 942 | _cكتاب | ||
| 999 |
_c43762 _d43762 |
||